| 000 | 00410nam a22001337a 4500 | ||
|---|---|---|---|
| 082 |
_a954.031 _bGHO |
||
| 245 |
_aThe Modern History Of The Indian Chiefs Rajas Zamindrs _cLoke Nath Ghose |
||
| 260 |
_aIndia. _bJ.N. Ghose and Co. _cc1879. |
||
| 300 |
_a217 p. _bills. _c22 cm. |
||
| 526 |
_a0 _b0 _c0 _d954_031000000000000_GHO |
||
| 526 |
_a0 _b0 _c0 _d954_031000000000000_GHO |
||
| 650 |
_aMCE _9379 |
||
| 942 |
_2ddc _cBK |
||
| 999 |
_c553179 _d553179 |
||